Saenz quiz - Statistics

General Stats
  • This quiz has been taken 7 times
  • The average score is 18 of 28
Answer Stats
Hint Answer % Correct
Saenz career High at Lilys 4
100%
Doms body count 7
100%
First GF (first name) Alexandra
86%
Cyo linsanity playoff run with Team____ Kurowski
86%
Doms first ever Drink Mikes
86%
Doms college Nassau
86%
Favorite Football Team Panthers
86%
Threw Teddy Bear in the trash and rejected him (last name) Renyak
86%
Doms wiggle team ___ Dangelo
71%
Doms favorite shirt Drake
71%
Doms Best friend (first name) Gus
71%
Doms birthday July 2
71%
Favorite Cousin/Uncle (first name) Manny
71%
Doms high school sweetheart (full name) Mia Nap
71%
Nationality of Doms Ocean Body Canadian
57%
Part of Lilys named after Dom Dance floor
57%
Favorite town on Long Island Farmingdale
57%
Saenz varsity career high was against Floral Park
57%
Lineman that Caused career ending hip injury (last name) Mcwilliams
57%
Jersey dom was wearing during that stupid tik tok Paul George
57%
Name of the girl Dom stole from Kopp (first name) Alessia
43%
Doms two best friends until high school Bill Fung
43%
Doms best ever family vacation was to Delaware
43%
Dom said to #5 on Farmingdale in crunch time go a big game__ ____ Go left
43%
Kopps girl in the Nap Saenz two man (last name) Morgan
43%
where did dom debut drinking (nickname) campos
29%
Nationality of Doms second body Colombian
14%
School of Doms first Lilys Hu St Anthonys
14%
No matching quizzes found
Score Distribution
Percent of People with Each Score
Percentile by Number Answered
Your Score History
You have not taken this quiz